[Event "Warsaw op"]
[Site "Warsaw"]
[Date "1988.??.??"]
[Round "?"]
[White "Ciszek, Mieczyslaw"]
[Black "Barwinski, Dionizy"]
[Result "1-0"]
[WhiteElo "2335"]
[BlackElo "2245"]
[PlyCount "55"]
[EventDate "1988.??.??"]
[EventType "swiss"]
[EventRounds "9"]
[EventCountry "POL"]
[SourceTitle "EXT 2004"]
[Source "ChessBase"]
[SourceDate "2003.11.25"]
[SourceVersion "1"]
[SourceVersionDate "2003.11.25"]
[SourceQuality "1"]

1. d4 Nf6 2. c4 c5 3. d5 e6 4. Nc3 exd5 5. cxd5 d6 6. e4 g6 7. Bf4 a6 8. Nf3 Qe7 9. e5 Nh5 10. Ne4 Nxf4 11. Nxd6+ Kd8 12. Qd2 Nd7 13. Qxf4 f6 14. Nxc8 Rxc8 15. d6 Qe6 16. Bc4 fxe5 17. Qxf8+ Nxf8 18. Bxe6 Nxe6 19. Nxe5 Rf8 20. g3 Rf5 21. f4 g5 22. 0-0-0 gxf4 23. gxf4 Nxf4 24. Rhe1 c4 25. d7 Rb8 26. Nc6+ bxc6 27. Re8+ Kc7 28. Rxb8 1-0

[Event "Warsaw op"]
[Site "Warsaw"]
[Date "1988.??.??"]
[Round "?"]
[White "Kholmov, Ratmir D"]
[Black "Ciszek, Mieczyslaw"]
[Result "1-0"]
[WhiteElo "2450"]
[BlackElo "2335"]
[PlyCount "83"]
[EventDate "1988.??.??"]
[EventType "swiss"]
[EventRounds "9"]
[EventCountry "POL"]
[SourceTitle "EXT 2004"]
[Source "ChessBase"]
[SourceDate "2003.11.25"]
[SourceVersion "1"]
[SourceVersionDate "2003.11.25"]
[SourceQuality "1"]

1. e4 c5 2. Nf3 Nc6 3. d4 cxd4 4. Nxd4 g6 5. c4 Bg7 6. Be3 Nf6 7. Nc3 Qa5 8. Nb3 Qc7 9. Rc1 h5 10. h3 Kf8 11. Qd2 a5 12. Nd5 Qe5 13. f4 Qb8 14. Nxf6 Bxf6 15. Nc5 Kg7 16. g3 d6 17. Na4 h4 18. g4 e5 19. f5 Nd4 20. Bg2 b5 21. cxb5 gxf5 22. gxf5 Bd7 23. Nc3 Bxb5 24. Nd5 Ne2 25. Bg5 Bd8 26. Bxd8 Qxd8 27. f6+ Kf8 28. Qg5 Rg8 29. Qh6+ Ke8 30. Rc7 Nf4 31. Re7+ Qxe7 32. fxe7 Nxd5 33. exd5 Kxe7 34. Qxh4+ Kd7 35. Bf1 Rab8 36. Bxb5+ Rxb5 37. Rf1 Rxd5 38. Rxf7+ Kc6 39. Qa4+ Kb6 40. Qb3+ Rb5 41. Rb7+ Kxb7 42. Qxb5+ 1-0